Handbook of wastewater treatment processes /

Bibliographic Details
Other Authors: Vernick, Arnold S., Walker, Elwood C., 1921-
Format: Book
Language:English
Published: New York, N.Y. : M. Dekker, [1981]
Series:Pollution engineering and technology ; 19.
Subjects:

MARC

Tag First Indicator Second Indicator Subfields
LEADER 00000pam a2200000 a 4500
001 in00000072020
005 20151008062518.0
008 810915s1981 nyua bf 00000 eng
010 |a  81015193  
020 |a 0824716523 
035 |a (OCoLC)07837590 
035 |9 AAK0377AM 
039 0 |a 2  |b 3  |c 3  |d 3  |e 3 
040 |a DLC  |c DLC  |d TXA  |d UtOrBLW 
049 |a TXAM  |c [1329179] 
050 0 0 |a TD745  |b .H2 
082 0 |a 628.3  |2 19 
245 0 0 |a Handbook of wastewater treatment processes /  |c edited by Arnold S. Vernick, Elwood C. Walker. 
264 1 |a New York, N.Y. :  |b M. Dekker,  |c [1981] 
264 4 |c ©1981 
300 |a xiv, 255 pages :  |b illustrations ;  |c 29 cm. 
336 |a text  |b txt  |2 rdacontent 
337 |a unmediated  |b n  |2 rdamedia 
338 |a volume  |b nc  |2 rdacarrier 
490 1 |a Pollution engineering and technology ;  |v 19 
500 |a "Previously published in the Innovative and alternative technology assessment manual, publication MCD-53, by the U.S. Environmental Protection Agency ... February 1980"--Verso of title page. 
504 |a Includes bibliographical references. 
650 0 |a Sewage  |x Purification  |v Handbooks, manuals, etc. 
700 1 |a Vernick, Arnold S. 
700 1 |a Walker, Elwood C.,  |d 1921- 
830 0 |a Pollution engineering and technology ;  |v 19. 
999 |a MARS 
999 f f |s 0eb995ba-645f-3660-9fcc-0913dfbb364f  |i 7115ea8f-f327-379b-8f24-e0c8b5957b6f  |t 0 
952 f f |p ric  |a Texas A&M University  |b Rellis Campus  |c Joint Library Facility  |d Remote Storage  |t 0  |e TD745 .H2  |h Library of Congress classification  |i unmediated -- volume  |m A14806245338 
998 f f |a TD745 .H2  |t 0  |l Remote Storage